|
|
|
|
| LEADER |
00834cam a2200229 7i4500 |
| 001 |
0000025001 |
| 005 |
20110222090000.0 |
| 090 |
0 |
0 |
|a PHOT 297.56722
|b MAL (CD)
|
| 110 |
2 |
0 |
|a Malaysia External Trade Development Corporation (MATRADE)
|
| 245 |
2 |
0 |
|a MIHAS IBM (Incoming buying mission 2010, (21-22 June 2010 : Menara MATRADE, Kuala Lumpur).
|
| 260 |
0 |
0 |
|a Kuala Lumpur:
|b MATRADE,
|c 2010.
|
| 300 |
# |
# |
|a 241 photographs:
|b col.;
|c 1CD-RW.
|
| 500 |
0 |
0 |
|a Photographs
|
| 650 |
0 |
0 |
|a Haridass Nagalingam
|
| 650 |
0 |
0 |
|a Nor Zihan Raja Mohsin, Raja
|
| 650 |
0 |
0 |
|a Mohd Mustafa Abd Aziz
|
| 650 |
0 |
0 |
|a Abu Bakar Koyakutty
|
| 650 |
0 |
0 |
|a MATRADE --
|x Photograph collection --
|x 2010
|
| 650 |
0 |
0 |
|a Hiroshi Hashizume
|
| 650 |
0 |
0 |
|a MIHAS --
|x 2010
|
| 650 |
0 |
0 |
|a Business matching
|
| 999 |
|
|
|a PC00000726
|b Photographs
|c Photographs
|e Business Information Centre
|